Bhagavad Gita/ (Record no. 174423)

MARC details
000 -LEADER
fixed length control field 00487nam a22001817a 4500
005 - DATE AND TIME OF LATEST TRANSACTION
control field 20200612162320.0
010 ## - LCCN (DPL NO)
LC control number ENG-128199
020 ## - INTERNATIONAL STANDARD BOOK NUMBER
Terms of availability 160.00
International Standard Book Number 9789384564193
035 ## - SYSTEM CONTROL NUMBER
System control number EN-111731
037 ## - SOURCE OF ACQUISITION
Source of stock number/acquisition DBAD/PUB
082 ## - DEWEY DECIMAL CLASSIFICATION NUMBER
Classification number 160.00
245 ## - TITLE STATEMENT
Title Bhagavad Gita/
250 ## - EDITION STATEMENT
Edition statement 2nd.
260 ## - PUBLICATION, DISTRIBUTION, ETC. (IMPRINT)
Place of publication, distribution, etc Mumbai
Name of publisher, distributor, etc The Bhaktivedanta book trust.
Date of publication, distribution, etc 2019
270 ## - ADDRESS
Address Hare Krishna Land, Juhu
City Mumbai
Postal code 400049
300 ## - PHYSICAL DESCRIPTION
Extent xv;924p.
Dimensions 23cm(hb)
942 ## - ADDED ENTRY ELEMENTS (KOHA)
Source of classification or shelving scheme Dewey Decimal Classification
Item type English Books
Classification part 181.45
Call number suffix BHA
Holdings
Withdrawn status Lost status Not for loan Collection code Home library Current library Date acquired Source of acquisition Cost, normal purchase price Full call number Barcode Copy number Cost, replacement price Koha item type
      Non-fiction Central Library Central Library 12/06/2020 DBAD/PUB 160.00 181.45 BHA EN-111731 1 160.00 English Books

© Delhi Public Library
Hit Counter
free hit counter